000 00572cam a22002051 4500
001 med48000428
003 DLC
005 20260227111609.0
008 810815s1947 xx 000 0 eng
010 _amed48000428
035 _a(OCoLC)14741645
040 _aDLC
_cDNLM
_dDLC
042 _apremarc
050 0 0 _aRM702
_b.C45
060 0 _aWB 905
_bC541i 1947
100 1 _aChirila, Deonisie Daniel,
_d1883-
245 1 4 _aThe iris-feet-physical diagnosis,
_binterpreting book aid ...
260 _aElkhart, Ind.,
_bDr. Chirila Health Clinic,
_cc1947.
300 _a94 p.
999 _c38886
_d38886